000 00968nam a22002657a 4500
999 _c14776
_d14776
003 MIRAKIL
005 20220124161009.0
008 220124b tu ||||| |||| 00| 0 tur d
040 _aTR-AnCHP
_btur
_cTR-AnCHP
041 _atur
082 _aBROŞÜR 590
090 _aBROŞÜR 590
110 _aCumhuriyet Halk Partisi (CHP)
245 _aMutfakta yangın var/
_cCHP.
260 _aAnkara:
_bCHP,
_c2021.
300 _a4 s.:
_brnkl. fotg.,
_c5 sm.
600 _aKılıçdaroğlu, Kemal
_cCHP Genel Başkanı
_xpropaganda ve ideolojiler
_yekonomi
610 _aCHP
_xPropaganda ve ideolojiler
_yKılıçdaroğlu dönemi
_yekonomik koşullar
610 _aCHP
_xProgramlar, 2021
_ypahalılık
610 _aCHP
_xekonomik sorunlar
_yÇözüm önerileri
651 _aTürkiye
_xSiyaset ve yönetim
_y2021-
942 _2ddc
_cVIS